<?xml version="1.0" encoding="UTF-8"?>
<record
    xmlns:xsi="http://www.w3.org/2001/XMLSchema-instance"
    xsi:schemaLocation="http://www.loc.gov/MARC21/slim http://www.loc.gov/standards/marcxml/schema/MARC21slim.xsd"
    xmlns="http://www.loc.gov/MARC21/slim">

  <leader>00531nam a22001697a 4500</leader>
  <controlfield tag="005">20260413153750.0</controlfield>
  <controlfield tag="008">260413b        |||||||| |||| 00| 0 eng d</controlfield>
  <datafield tag="020" ind1=" " ind2=" ">
    <subfield code="a">9789697834716</subfield>
  </datafield>
  <datafield tag="040" ind1=" " ind2=" ">
    <subfield code="c">PK-LaNCA</subfield>
  </datafield>
  <datafield tag="082" ind1=" " ind2=" ">
    <subfield code="a">027</subfield>
    <subfield code="b">NAD</subfield>
  </datafield>
  <datafield tag="100" ind1=" " ind2=" ">
    <subfield code="a">Nadeem Omar Tarar</subfield>
  </datafield>
  <datafield tag="245" ind1=" " ind2=" ">
    <subfield code="a">The colonial and national formations of the National College of Arts, Lahore: circa 1870s to 1960, de-scripting the archive</subfield>
  </datafield>
  <datafield tag="260" ind1=" " ind2=" ">
    <subfield code="a">Folio Books</subfield>
    <subfield code="b">Lahore</subfield>
    <subfield code="c">2024</subfield>
  </datafield>
  <datafield tag="300" ind1=" " ind2=" ">
    <subfield code="a">xiv, 238p.; ills</subfield>
  </datafield>
  <datafield tag="650" ind1=" " ind2=" ">
    <subfield code="a">NCA - Archives, NCA - History</subfield>
  </datafield>
  <datafield tag="942" ind1=" " ind2=" ">
    <subfield code="c">BK</subfield>
  </datafield>
  <datafield tag="952" ind1=" " ind2=" ">
    <subfield code="0">0</subfield>
    <subfield code="1">0</subfield>
    <subfield code="4">0</subfield>
    <subfield code="6">027_000000000000000_NAD_38168</subfield>
    <subfield code="7">0</subfield>
    <subfield code="9">68883</subfield>
    <subfield code="a">NCA</subfield>
    <subfield code="b">NCA</subfield>
    <subfield code="c">Library Basement </subfield>
    <subfield code="d">2026-04-13</subfield>
    <subfield code="l">1</subfield>
    <subfield code="o">027 NAD 38168</subfield>
    <subfield code="p">38168</subfield>
    <subfield code="q">2026-05-20</subfield>
    <subfield code="r">2026-04-20 12:04:40</subfield>
    <subfield code="s">2026-04-20</subfield>
    <subfield code="w">2026-04-13</subfield>
    <subfield code="y">BK</subfield>
  </datafield>
  <datafield tag="999" ind1=" " ind2=" ">
    <subfield code="c">67209</subfield>
    <subfield code="d">67209</subfield>
  </datafield>
</record>
